000 00450cam a2200145 4500500
005 20251012004333.0
041 _afre
042 _adc
100 1 0 _aBenhammou, Farid
_eauthor
245 0 0 _aLes mille vies du castor
260 _c2025.
500 _a56
786 0 _nPour la Science | ยบ 570 | 4 | 2025-03-26 | p. 18a-18a | 0153-4092
856 4 1 _uhttps://shs.cairn.info/magazine-pour-la-science-2025-4-page-18a?lang=fr&redirect-ssocas=7080
999 _c1515190
_d1515190